Doing more with life (Record no. 147053)
[ view plain ]
| 000 -LEADER | |
|---|---|
| fixed length control field | 01698nam a22004094a 4500 |
| 082 04 - DEWEY DECIMAL CLASSIFICATION NUMBER | |
| Classification number | 248.8/34 |
| 245 00 - TITLE STATEMENT | |
| Title | Doing more with life |
| 260 ## - PUBLICATION, DISTRIBUTION, ETC. (IMPRINT) | |
| Place of publication | Waco, Tex. : |
| Name of publisher | Baylor University Press, |
| Year of publication | c2007. |
| 300 ## - PHYSICAL DESCRIPTION | |
| Number of Pages | xvi, 225 p. |
| 490 1# - SERIES STATEMENT | |
| Series statement | Studies in religion and higher education ; |
| 505 0# - FORMATTED CONTENTS NOTE | |
| Formatted contents note | Vocation and transformation -- Vocation and service to others -- Vocation and the university. |
| 650 #0 - SUBJECT ADDED ENTRY--TOPICAL TERM | |
| Topical Term | Vocation |
| Topical Term | Education (Christian theology) |
| Topical Term | Service (Theology) |
| Topical Term | College teachers |
| Topical Term | Education, Higher. |
| 700 1# - ADDED ENTRY--PERSONAL NAME | |
| Personal name | Miller, Michael Robert, |
| 856 40 - ELECTRONIC LOCATION AND ACCESS | |
| Uniform Resource Identifier | http://site.ebrary.com/lib/rucke/Doc?id=10190395 |
No items available.
